El Programa del FMI para la acción social

El trabajo se centra en la sustentación de la tesis de que los principales rivales en la campaña electoral que culmina en febrero de 1986, Rafael A. Calderón F. y Oscar Arias S., reconocen que no hay otro camino más que aplicar los programas y recomendaciones del FMI. Se señala que en la actividad p...

Mô tả đầy đủ

Đã lưu trong:
Chi tiết về thư mục
Định dạng: Texto
Những chủ đề:
Các nhãn: Thêm thẻ
Không có thẻ, Là người đầu tiên thẻ bản ghi này!

MARC

LEADER 00000 a a2200000 04500
001 4039
003
040
245 |a El Programa del FMI para la acción social  
520 |a El trabajo se centra en la sustentación de la tesis de que los principales rivales en la campaña electoral que culmina en febrero de 1986, Rafael A. Calderón F. y Oscar Arias S., reconocen que no hay otro camino más que aplicar los programas y recomendaciones del FMI. Se señala que en la actividad política y partidaria no existen alternativas ni planteamientos de fondo diferentes. AAC/mb  
650 |a POLITICA ECONOMICA  
650 |a PARTIDOS POLITICOS  
650 |a LIDERAZGO POLITICO  
650 |a ENDEUDAMIENTO  
650 |a ACUERDOS MONETARIOS  
650 |a FMI  
650 |a GOBIERNO CENTRAL  
773 |g número 6 -7; páginas 7-9  
999 |c 20291  |d 20291